000
00194 a2200097 4500
001
1201
100
_a
245
_a
Glennis new auto repair manual
260
_a
_b
Chilton
_c
090
_c
763
_d
763
942
_a
NUST-CAE
_c
_c
34300
999
_c
236274
_d
236274